[Event "BL 1213 SV Griesheim - OSG Baden Baden"]
[Site "?"]
[Date "2013.03.17"]
[Round "12.4"]
[White "Izsak, Gyula"]
[Black "Vallejo Pons, Francisco"]
[Result "1/2-1/2"]
[WhiteElo "2471"]
[BlackElo "2700"]
[PlyCount "104"]
[EventDate "2013.??.??"]

1. d4 Nf6 2. c4 e6 3. Nf3 b6 4. g3 Bb7 5. Bg2 c5 6. O-O cxd4 7. Nxd4 Bxg2 8.
Kxg2 Qc7 9. b3 a6 10. Qd3 d6 11. Qf3 Ra7 12. Nd2 Be7 13. Bb2 O-O 14. Rac1 Rc8
15. Rfd1 Nbd7 16. Ne4 h6 17. Nxf6+ Nxf6 18. Kg1 Qd7 19. Qd3 Qe8 20. Nf3 Nd7 21.
Qd4 Qf8 22. e4 Nc5 23. Qe3 Rd8 24. Bd4 Rb7 25. Qe2 Qe8 26. e5 Rbd7 27. Bxc5
bxc5 28. exd6 Rxd6 29. Rxd6 Rxd6 30. Rd1 Qd8 31. Rxd6 Qxd6 32. Qd2 f5 33. Qxd6
Bxd6 34. Ne1 Kf7 35. f4 e5 36. fxe5 Bxe5 37. Kg2 g5 38. Nd3 Bd6 39. h3 h5 40.
g4 a5 41. Kf3 Kf6 42. Nf2 Be5 43. Nd3 Bd4 44. Ne1 hxg4+ 45. hxg4 Bb2 46. Nd3
Ba3 47. Kg3 Bb4 48. Kf3 fxg4+ 49. Kxg4 Ba3 50. Nf2 Ke5 51. Kxg5 Kd4 52. Kf4 a4
1/2-1/2

[Event "BL 1213 SV Griesheim - OSG Baden Baden"]
[Site "?"]
[Date "2013.03.17"]
[Round "12.5"]
[White "Kasimdzhanov, Rustam"]
[Black "Grabarczyk, Miroslaw"]
[Result "1-0"]
[WhiteElo "2690"]
[BlackElo "2450"]
[PlyCount "123"]
[EventDate "2013.??.??"]

1. d4 d5 2. c4 e6 3. Nc3 Be7 4. cxd5 exd5 5. Bf4 c6 6. e3 Bf5 7. Nge2 Nd7 8.
Ng3 Bg6 9. Be2 Ngf6 10. h4 h5 11. Bd3 Bxd3 12. Qxd3 g6 13. O-O-O O-O 14. Kb1
Re8 15. f3 Nf8 16. e4 Ne6 17. Be5 Rc8 18. Rhf1 Ng7 19. Nge2 dxe4 20. fxe4 Ng4
21. Bxg7 Kxg7 22. e5 Bxh4 23. Ne4 Nxe5 24. dxe5 Qxd3+ 25. Rxd3 Rxe5 26. Nd6 Rc7
27. Nd4 Bd8 28. Nf3 Re6 29. Nf5+ gxf5 30. Rxd8 Rce7 31. Kc2 Re2+ 32. Rd2 Rxd2+
33. Kxd2 Re4 34. Kd3 c5 35. Nd2 Rd4+ 36. Ke3 Kg6 37. Rf4 Rd5 38. Nf3 b5 39. g3
a6 40. a3 a5 41. b3 Rd1 42. Nh4+ Kg5 43. Rxf5+ Kg4 44. Rxc5 Ra1 45. a4 bxa4 46.
Rc4+ Kxg3 47. Nf5+ Kg2 48. Rxa4 Rc1 49. Kd2 Rc5 50. Rf4 f6 51. Kd3 Rc7 52. Kd4
Rc1 53. Ng7 Rh1 54. Nf5 Rc1 55. Kd3 Rc5 56. Kd2 Rc7 57. Rh4 Kf3 58. Nd4+ Kg3
59. Rxh5 Ra7 60. Kc3 Rc7+ 61. Kb2 Rd7 62. Nc6 1-0

[Event "BL 1213 SV Griesheim - OSG Baden Baden"]
[Site "?"]
[Date "2013.03.17"]
[Round "12.6"]
[White "Grabarczyk, Bogdan"]
[Black "Nisipeanu, Liviu-Dieter"]
[Result "0-1"]
[WhiteElo "2393"]
[BlackElo "2661"]
[PlyCount "68"]
[EventDate "2013.??.??"]

1. e4 e5 2. Nf3 Nc6 3. Bc4 Nf6 4. d3 Be7 5. O-O O-O 6. Re1 d6 7. a4 Kh8 8. a5
a6 9. c3 Ng8 10. d4 f5 11. dxe5 fxe4 12. Rxe4 Rxf3 13. gxf3 Nxe5 14. Bf1 Ng6
15. Re1 Bg5 16. Nd2 Bf4 17. Ne4 Qh4 18. Ng3 Bd7 19. Re4 Bc6 20. Rb4 Rf8 21. Bg2
Qg5 22. Qf1 N8e7 23. Ne2 Nd5 24. Re4 Qh5 25. Ng3 Qg5 26. Ne2 Bxc1 27. Rg4 Qf6
28. Rxc1 Ndf4 29. Nxf4 Nxf4 30. Rg3 h5 31. Re1 Bb5 32. c4 Bd7 33. Bh3 Bxh3 34.
Rxh3 h4 0-1

[Event "BL 1213 SV Griesheim - OSG Baden Baden"]
[Site "?"]
[Date "2013.03.17"]
[Round "12.7"]
[White "Gustafsson, Jan"]
[Black "Walter, Stefan"]
[Result "1-0"]
[WhiteElo "2622"]
[BlackElo "2358"]
[PlyCount "43"]
[EventDate "2013.??.??"]

1. d4 Nf6 2. c4 e6 3. Nc3 Bb4 4. Qc2 c5 5. dxc5 Na6 6. a3 Qa5 7. Bd2 Nxc5 8.
O-O-O Bxc3 9. Bxc3 Qa6 10. Be5 Nfe4 11. Bxg7 Rg8 12. Bd4 d6 13. f3 e5 14. Be3
Nf6 15. Bxc5 dxc5 16. e4 Be6 17. g3 Ke7 18. Qc3 Rgd8 19. Rxd8 Rxd8 20. Qxe5 Qa5
21. Qc3 Qa4 22. Bd3 1-0

[Event "BL 1213 SV Griesheim - OSG Baden Baden"]
[Site "?"]
[Date "2013.03.17"]
[Round "12.8"]
[White "Hahn, Werner"]
[Black "Schlosser, Philipp"]
[Result "0-1"]
[WhiteElo "2171"]
[BlackElo "2579"]
[PlyCount "100"]
[EventDate "2013.??.??"]

1. d4 d6 2. c4 e5 3. Nf3 e4 4. Ng5 f5 5. Nc3 c6 6. g3 Be7 7. Nh3 Nf6 8. Bg2
Nbd7 9. f3 Nb6 10. b3 d5 11. c5 Nbd7 12. O-O Nf8 13. b4 h6 14. b5 g5 15. bxc6
bxc6 16. Qa4 Bd7 17. Rb1 Ne6 18. Be3 Qc7 19. fxe4 fxe4 20. Nf2 O-O 21. Rb3 Rfb8
22. Rfb1 Bd8 23. Bd2 h5 24. Ncd1 Kf7 25. Ne3 Kg6 26. Nc2 Qc8 27. Bf1 g4 28. Nd1
Ng8 29. Nde3 Bg5 30. Qa5 Bf6 31. Qa4 Ne7 32. Ng2 Nf5 33. Rxb8 Rxb8 34. Rxb8
Qxb8 35. Bf4 Qb7 36. e3 Be8 37. Qb4 Qxb4 38. Nxb4 Nexd4 39. exd4 Bxd4+ 40. Kh1
Bxc5 41. Nc2 Kf6 42. Bc1 d4 43. Bb2 Bf7 44. a3 Bb6 45. Nf4 c5 46. Bg2 Ke5 47.
Kg1 a5 48. Kf1 h4 49. Ne2 Bb3 50. Ne1 Bc4 0-1

[Event "BL 1213 Werder Bremen - SV Wattenscheid"]
[Site "?"]
[Date "2013.03.17"]
[Round "12.1"]
[White "Bartel, Mateusz"]
[Black "Fressinet, Laurent"]
[Result "1/2-1/2"]
[WhiteElo "2635"]
[BlackElo "2702"]
[PlyCount "82"]
[EventDate "2013.??.??"]

1. e4 e5 2. Nf3 Nc6 3. Bb5 a6 4. Ba4 Nf6 5. O-O Be7 6. d3 b5 7. Bb3 d6 8. a4 b4
9. Nbd2 Na5 10. Ba2 c5 11. Re1 O-O 12. Nc4 Nc6 13. c3 Rb8 14. h3 h6 15. d4 cxd4
16. cxd4 Nxd4 17. Nxd4 exd4 18. e5 Ne8 19. exd6 Bxd6 20. Nxd6 Qxd6 21. Re4 Qg6
22. Rxd4 Bxh3 23. Qf3 Be6 24. Bb1 f5 25. Bf4 Rc8 26. Rxb4 Nf6 27. Rb6 Bc4 28.
Be3 Qf7 29. Qxf5 Rfd8 30. Bc2 Rc7 31. Bxh6 Nd5 32. Qh7+ Kf8 33. Qh8+ Qg8 34.
Bxg7+ Rxg7 35. Qxg8+ Kxg8 36. Rc6 Be2 37. Rh6 Bf3 38. g3 Rc7 39. Bd1 Kg7 40.
Rh4 Rf8 41. Rd4 Bxd1 1/2-1/2

[Event "BL 1213 Werder Bremen - SV Wattenscheid"]
[Site "?"]
[Date "2013.03.17"]
[Round "12.2"]
[White "Areshchenko, Alexander"]
[Black "Rustemov, Alexander"]
[Result "1-0"]
[WhiteElo "2710"]
[BlackElo "2544"]
[PlyCount "123"]
[EventDate "2013.??.??"]

1. e4 e5 2. Nf3 Nf6 3. d4 Nxe4 4. Bd3 d5 5. Nxe5 Nd7 6. O-O Nxe5 7. dxe5 Nc5 8.
Nc3 c6 9. Ne2 g6 10. Be3 Be7 11. f4 Nxd3 12. Qxd3 Bf5 13. Qb3 Qd7 14. Ng3 c5
15. Nxf5 gxf5 16. Rad1 O-O-O 17. Rd2 Qe6 18. c3 Rd7 19. Rfd1 Rhd8 20. Qa4 b6
21. b4 d4 22. cxd4 cxb4 23. a3 a5 24. Qb5 Rd5 25. Qa6+ Kb8 26. axb4 Rc8 27. Qd3
Bxb4 28. Rc2 Rxc2 29. Qxc2 Kb7 30. g4 fxg4 31. f5 Qc6 32. Qe4 a4 33. e6 fxe6
34. fxe6 Be7 35. Bf2 Ka6 36. Qxh7 Qd6 37. Bg3 Qa3 38. Qg8 Rd8 39. Qxg4 Rd5 40.
Qe2+ Kb7 41. Qc2 Qe3+ 42. Kg2 Qb3 43. Qc7+ Ka6 44. Qc8+ Kb5 45. Qe8+ Ka6 46.
Rd2 Rf5 47. Qa8+ Kb5 48. Qe4 Qd5 49. Qxd5+ Rxd5 50. Kf3 a3 51. Ke4 Kc4 52. Be5
Ra5 53. d5 a2 54. Rd1 b5 55. d6 Bxd6 56. Rxd6 a1=Q 57. Bxa1 Rxa1 58. Rc6+ Kb3
59. Kd5 Rd1+ 60. Kc5 b4 61. e7 Re1 62. Kd6 1-0

[Event "BL 1213 Werder Bremen - SV Wattenscheid"]
[Site "?"]
[Date "2013.03.17"]
[Round "12.3"]
[White "Czarnota, Pawel"]
[Black "Nyback, Tomi"]
[Result "1/2-1/2"]
[WhiteElo "2536"]
[BlackElo "2598"]
[PlyCount "62"]
[EventDate "2013.??.??"]

1. c4 Nf6 2. Nf3 g6 3. Nc3 d5 4. cxd5 Nxd5 5. Qa4+ Bd7 6. Qh4 Nxc3 7. bxc3 Bg7
8. Rb1 b6 9. d4 h6 10. e4 c5 11. Bd3 Nc6 12. Be3 e6 13. Qxd8+ Rxd8 14. dxc5
Bxc3+ 15. Ke2 Nb4 16. cxb6 Nxd3 17. Kxd3 Bg7 18. Bd4 Bxd4 19. Kxd4 axb6 20.
Rxb6 O-O 21. Rd6 Bc6 22. Rxd8 Rxd8+ 23. Ke3 Ra8 24. Rc1 Ra3+ 25. Kf4 Ba4 26. h4
Rxa2 27. Rc8+ Kg7 28. Ra8 Bb3 29. Rxa2 Bxa2 30. g4 f6 31. e5 g5+ 1/2-1/2

[Event "BL 1213 Werder Bremen - SV Wattenscheid"]
[Site "?"]
[Date "2013.03.17"]
[Round "12.4"]
[White "Hracek, Zbynek"]
[Black "Appel, Ralf"]
[Result "1-0"]
[WhiteElo "2612"]
[BlackElo "2525"]
[PlyCount "62"]
[EventDate "2013.??.??"]

1. e4 Nf6 2. e5 Nd5 3. d4 d6 4. Nf3 c6 5. Be2 Bf5 6. O-O dxe5 7. Nxe5 Nd7 8.
Nf3 e6 9. c4 Nb4 10. a3 Na6 11. Nc3 Be7 12. d5 c5 13. Bd3 Bxd3 14. Qxd3 Nb6 15.
Bf4 O-O 16. Rad1 Bf6 17. Rfe1 h6 18. Ne5 exd5 19. cxd5 Bg5 20. Bxg5 Qxg5 21. d6
Rad8 22. Qe4 Rfe8 23. f4 Qf6 24. d7 Re6 25. f5 Rxe5 26. Qxe5 Qxe5 27. Rxe5 Kf8
28. Nb5 Rxd7 29. Rxd7 Nxd7 30. Re2 c4 31. Nd6 Nc7 1-0

[Event "BL 1213 Werder Bremen - SV Wattenscheid"]
[Site "?"]
[Date "2013.03.17"]
[Round "12.6"]
[White "Meins, Gerlef"]
[Black "Henrichs, Thomas"]
[Result "1/2-1/2"]
[WhiteElo "2473"]
[BlackElo "2505"]
[PlyCount "40"]
[EventDate "2013.??.??"]

1. d4 d5 2. c4 e6 3. Nf3 c6 4. Nbd2 f5 5. g3 Nf6 6. Bg2 Bd6 7. O-O O-O 8. Ne5
Qe7 9. Ndf3 b6 10. Bf4 Bb7 11. Rc1 Ne4 12. Nd3 Bxf4 13. Nxf4 Nd7 14. Nd3 dxc4
15. Rxc4 c5 16. dxc5 bxc5 17. Nfe5 Nxe5 18. Nxe5 Rfd8 19. Nd3 Bd5 20. Rc1 c4
1/2-1/2

[Event "BL 1213 Werder Bremen - SV Wattenscheid"]
[Site "?"]
[Date "2013.03.17"]
[Round "12.8"]
[White "Joachim, Sven"]
[Black "Straeter, Timo"]
[Result "1/2-1/2"]
[WhiteElo "2436"]
[BlackElo "2360"]
[PlyCount "88"]
[EventDate "2013.??.??"]

1. g3 e5 2. c4 f5 3. Bg2 Nf6 4. d3 Bb4+ 5. Bd2 Bxd2+ 6. Qxd2 O-O 7. Nc3 Nc6 8.
Nh3 d6 9. f4 Kh8 10. O-O Bd7 11. b4 Rb8 12. b5 Ne7 13. Rab1 Ng4 14. Nf2 Nxf2
15. Rxf2 Ng6 16. e3 c6 17. Rb3 a6 18. bxc6 bxc6 19. Qd1 exf4 20. exf4 Re8 21.
Re2 Qf6 22. d4 Rxb3 23. Rxe8+ Bxe8 24. axb3 Ne7 25. Qd2 Bd7 26. Kf2 Ng8 27. Ne2
Qd8 28. Qb4 Qc7 29. c5 dxc5 30. Qxc5 Qb7 31. b4 h6 32. Nc1 Nf6 33. Nd3 Be6 34.
Qxc6 Qe7 35. Qc5 Qf7 36. Ne5 Qh5 37. h3 Qd1 38. Qc3 Ne4+ 39. Bxe4 fxe4 40. g4
Qh1 41. f5 Qh2+ 42. Kf1 Qh1+ 43. Kf2 Qh2+ 44. Kf1 Qh1+ 1/2-1/2

[Event "BL 1213 Turm Emsdetten - SG Solingen"]
[Site "?"]
[Date "2013.03.17"]
[Round "12.1"]
[White "Ragger, Markus"]
[Black "Giri, Anish"]
[Result "1/2-1/2"]
[WhiteElo "2655"]
[BlackElo "2730"]
[PlyCount "40"]
[EventDate "2013.??.??"]

1. Nf3 Nf6 2. c4 c5 3. Nc3 d5 4. cxd5 Nxd5 5. d4 Nxc3 6. bxc3 g6 7. Bg5 Bg7 8.
e3 Qa5 9. Qd2 Bf5 10. Be2 Nc6 11. O-O O-O 12. Qb2 cxd4 13. cxd4 e5 14. Qb5 Qxb5
15. Bxb5 exd4 16. Bxc6 bxc6 17. Nxd4 Be4 18. Rac1 Bxd4 19. exd4 f6 20. Be3 Rab8
1/2-1/2

[Event "BL 1213 Turm Emsdetten - SG Solingen"]
[Site "?"]
[Date "2013.03.17"]
[Round "12.2"]
[White "Mchedlishvili, Mikheil"]
[Black "Stellwagen, Daniel"]
[Result "1-0"]
[WhiteElo "2651"]
[BlackElo "2622"]
[PlyCount "115"]
[EventDate "2013.??.??"]

1. Nf3 Nf6 2. c4 g6 3. Nc3 Bg7 4. d4 O-O 5. e4 d6 6. Be2 e5 7. d5 a5 8. Bg5 h6
9. Bh4 Na6 10. Nd2 Qe8 11. O-O Bd7 12. b3 Nh7 13. a3 h5 14. f3 Bh6 15. Kh1 Be3
16. Qc2 f5 17. exf5 Bxf5 18. Nde4 Nc5 19. g4 Bxe4 20. Nxe4 g5 21. Nxc5 Bxc5 22.
Be1 hxg4 23. fxg4 Rf4 24. Bd2 Kg7 25. Bd3 Nf6 26. Bxf4 gxf4 27. Qg2 Qh8 28. g5
Nh5 29. Qg4 Rf8 30. Kg2 f3+ 31. Rxf3 Nf4+ 32. Kh1 Nxd3 33. Rxd3 Rf2 34. Qd7+
Rf7 35. Qg4 Rf2 36. Rh3 Qf8 37. Rg1 Rf1 38. Qd7+ Qf7 39. Qxf7+ Rxf7 40. g6 Rf4
41. Rh7+ Kg8 42. Rg3 Bf2 43. Rgh3 Rg4 44. Rh8+ Kg7 45. R3h7+ Kxg6 46. Rg8+ Kxh7
47. Rxg4 Bc5 48. a4 c6 49. Kg2 cxd5 50. cxd5 Kh6 51. Kf3 Kh5 52. h3 b6 53. Ke4
Bb4 54. Kf5 Bc5 55. Rg8 Kh4 56. Rh8+ Kg3 57. h4 Kf3 58. Re8 {Ke4+} 1-0

[Event "BL 1213 Turm Emsdetten - SG Solingen"]
[Site "?"]
[Date "2013.03.17"]
[Round "12.4"]
[White "Ipatov, Alexander"]
[Black "Sandipan, Chanda"]
[Result "1/2-1/2"]
[WhiteElo "2591"]
[BlackElo "2596"]
[PlyCount "47"]
[EventDate "2013.??.??"]

1. d4 d5 2. c4 c6 3. cxd5 cxd5 4. Bf4 Nc6 5. Nc3 Nf6 6. e3 e6 7. Bd3 Be7 8. h3
O-O 9. Nf3 Bd7 10. O-O Nb4 11. Be2 Nc6 12. Rc1 Be8 13. Ne5 Nxe5 14. Bxe5 Bc6
15. Qb3 Bd6 16. Bxd6 Qxd6 17. Rc2 Rfc8 18. Rfc1 Qd8 19. Bb5 Ne8 20. Bxc6 Rxc6
21. Na4 Rxc2 22. Qxc2 Nd6 23. Qc7 Kf8 24. Qxd8+ 1/2-1/2

[Event "BL 1213 Turm Emsdetten - SG Solingen"]
[Site "?"]
[Date "2013.03.17"]
[Round "12.6"]
[White "Burg, Twan"]
[Black "L'Ami, Erwin"]
[Result "1/2-1/2"]
[WhiteElo "2502"]
[BlackElo "2631"]
[PlyCount "60"]
[EventDate "2013.??.??"]

1. e4 e5 2. Nc3 Nf6 3. g3 d5 4. exd5 Nxd5 5. Bg2 Nxc3 6. bxc3 Bd6 7. Nf3 O-O 8.
O-O Nc6 9. d4 Bf5 10. Rb1 Rb8 11. dxe5 Nxe5 12. Nxe5 Bxe5 13. Qxd8 Rfxd8 14.
Rb5 f6 15. f4 Bd7 16. Rxb7 Bxc3 17. Be3 Rxb7 18. Bxb7 Bb5 19. Rf3 Rd1+ 20. Kg2
a6 21. Bc5 Rd2+ 22. Rf2 Rd1 23. Rf3 Be1 24. Bf2 Bb4 25. Rb3 Bd6 26. Rc3 Kf8 27.
Kf3 Ke7 28. a4 Bxa4 29. Bxa6 Rh1 30. h4 Rc1 1/2-1/2

[Event "BL 1213 Turm Emsdetten - SG Solingen"]
[Site "?"]
[Date "2013.03.17"]
[Round "12.8"]
[White "Fiebig, Thomas"]
[Black "Hoffmann, Michael"]
[Result "0-1"]
[WhiteElo "2402"]
[BlackElo "2474"]
[PlyCount "164"]
[EventDate "2013.??.??"]

1. e4 c5 2. c3 d5 3. exd5 Qxd5 4. d4 g6 5. Nf3 Bg7 6. Be3 cxd4 7. cxd4 Nf6 8.
h3 O-O 9. Nc3 Qd8 10. Bc4 Nc6 11. a3 e6 12. O-O Ne7 13. Qd2 b6 14. Rad1 Bb7 15.
Ne5 Ned5 16. Bh6 Nxc3 17. Bxg7 Nxd1 18. Bxf8 Nxb2 19. Bh6 Nxc4 20. Nxc4 Bxg2
21. Kxg2 Qd5+ 22. f3 Qxc4 23. Rc1 Qb5 24. Qf4 Qe2+ 25. Kg1 Nd5 26. Qe5 Qxe5 27.
dxe5 b5 28. Kf2 f6 29. exf6 Kf7 30. Bg5 a5 31. Rc5 b4 32. axb4 axb4 33. Rb5 Rc8
34. Kg3 Rc6 35. Rb7+ Rc7 36. Rb8 Rc6 37. Rb7+ Rc7 38. Rb8 h6 39. Bxh6 Kxf6 40.
Bf8 Rc4 41. Bd6 g5 42. Rf8+ Kg7 43. Rb8 Kg6 44. Rg8+ Kf6 45. Rf8+ Kg7 46. Rb8
Ne3 47. Bf8+ Kg6 48. Rxb4 Rc2 49. f4 Nd5 50. f5+ exf5 51. Ra4 Rc3+ 52. Kh2 Rc2+
53. Kh1 f4 54. Ra3 Kh5 55. Ra5 Rd2 56. Bc5 Kh4 57. Ra3 Re2 58. Rf3 Ne3 59. Bd6
Re1+ 60. Kh2 Re2+ 61. Kh1 Nf5 62. Bc5 Ng3+ 63. Kg1 Kxh3 64. Bf2 Kg4 65. Ra3 Ne4
66. Bb6 Rb2 67. Bd4 Rd2 68. Bb6 Ng3 69. Bf2 Kh3 70. Bxg3 Rg2+ 71. Kf1 Rxg3 72.
Ra8 Rb3 73. Kf2 Kg4 74. Ra2 Rb5 75. Kg2 Kf5 76. Kf3 g4+ 77. Kg2 Kg5 78. Rc2 Kh4
79. Ra2 Re5 80. Kg1 f3 81. Kf1 Kg3 82. Ra1 Rh5 0-1

[Event "BL 1213 SC Eppingen - SK Norderstedt"]
[Site "?"]
[Date "2013.03.17"]
[Round "12.1"]
[White "Kopylov, Mihail"]
[Black "Tiviakov, Sergei"]
[Result "0-1"]
[WhiteElo "2473"]
[BlackElo "2659"]
[PlyCount "76"]
[EventDate "2013.??.??"]

1. d4 Nf6 2. c4 e6 3. g3 d5 4. Bg2 c6 5. Qc2 Be7 6. Nf3 O-O 7. O-O b6 8. Nbd2
Bb7 9. e4 Na6 10. b3 Nb4 11. Qb1 dxe4 12. Nxe4 c5 13. Nxf6+ Bxf6 14. Rd1 cxd4
15. Bb2 Bxf3 16. Bxf3 Rc8 17. Qe4 e5 18. Ba3 Qd6 19. Qb7 a5 20. Bd5 Rc7 21.
Bxb4 axb4 22. Qa6 Be7 23. Rdb1 Rc5 24. Qa4 Qc7 25. Re1 g6 26. Re2 Kg7 27. Rae1
Bd6 28. Qa6 Rb8 29. Qa4 Rc8 30. Qa6 Ra5 31. Qb7 Qxb7 32. Bxb7 Rc7 33. Bd5 Rca7
34. Ra1 f5 35. f3 Kf6 36. Kf1 Ra3 37. Rb2 Bc5 38. Ke2 d3+ 0-1

[Event "BL 1213 SC Eppingen - SK Norderstedt"]
[Site "?"]
[Date "2013.03.17"]
[Round "12.2"]
[White "Balogh, Csaba"]
[Black "Feuerstack, Aljoscha"]
[Result "1-0"]
[WhiteElo "2664"]
[BlackElo "2421"]
[PlyCount "55"]
[EventDate "2013.??.??"]

1. e4 c5 2. Nf3 e6 3. d4 cxd4 4. Nxd4 Nf6 5. Nc3 Nc6 6. g3 d5 7. Bg2 Qb6 8. Nb3
d4 9. Ne2 e5 10. O-O Be6 11. c3 Bxb3 12. axb3 Rd8 13. Bd2 dxc3 14. bxc3 Bc5 15.
Nc1 a5 16. Qc2 Ng4 17. Be1 Qc7 18. Nd3 Bb6 19. Qe2 Nf6 20. Nb2 O-O 21. Bd2 Qd7
22. Bg5 Qe6 23. Nc4 Bc7 24. Ne3 Ne7 25. Qb5 h6 26. Bxf6 gxf6 27. Qxb7 Bb6 28.
Bh3 1-0

[Event "BL 1213 SC Eppingen - SK Norderstedt"]
[Site "?"]
[Date "2013.03.17"]
[Round "12.3"]
[White "Petrosian, Suren"]
[Black "Postny, Evgeny"]
[Result "0-1"]
[WhiteElo "2384"]
[BlackElo "2647"]
[PlyCount "58"]
[EventDate "2013.??.??"]

1. g3 c5 2. Bg2 Nc6 3. c4 g6 4. Nc3 Bg7 5. a3 e6 6. b4 Nxb4 7. axb4 cxb4 8. Nf3
bxc3 9. d4 Ne7 10. O-O d5 11. Qb3 dxc4 12. Qxc4 Bd7 13. Qxc3 Bc6 14. Ba3 O-O
15. Rfd1 Re8 16. Ne5 Bxg2 17. Kxg2 Qd5+ 18. f3 Rac8 19. Qb2 Nf5 20. Ng4 h5 21.
e4 Qd7 22. exf5 hxg4 23. fxg6 gxf3+ 24. Kxf3 fxg6 25. Qb3 Qc6+ 26. Kf4 Rf8+ 27.
Bxf8 Rxf8+ 28. Kg4 Qe4+ 29. Kh3 Rf5 0-1

[Event "BL 1213 SC Eppingen - SK Norderstedt"]
[Site "?"]
[Date "2013.03.17"]
[Round "12.4"]
[White "Ruck, Robert"]
[Black "Meyer, Falko"]
[Result "1-0"]
[WhiteElo "2567"]
[BlackElo "2259"]
[PlyCount "81"]
[EventDate "2013.??.??"]

1. Nf3 d5 2. d4 Nf6 3. c4 c6 4. Nc3 a6 5. e3 e6 6. b3 c5 7. Bb2 Nc6 8. Be2 cxd4
9. exd4 Be7 10. O-O O-O 11. Rc1 Ne4 12. Na4 f5 13. a3 Kh8 14. Nc5 Qe8 15. b4
Rf6 16. b5 axb5 17. cxb5 Na5 18. Ne5 Nd6 19. a4 Rh6 20. Bc3 g5 21. b6 Qd8 22.
Rb1 Bf6 23. Qe1 Bxe5 24. dxe5 Ndc4 25. Rb5 Nc6 26. Bxc4 dxc4 27. Qe2 g4 28.
Qxc4 Ne7 29. a5 Ng6 30. Qd3 Qh4 31. Qg3 Qe7 32. Rd1 Kg7 33. a6 Nf8 34. a7 Nd7
35. Bd2 Rg6 36. Be3 h5 37. Qf4 h4 38. Qd4 Nxb6 39. Rxb6 Rxa7 40. Nxe6+ Bxe6 41.
Rxe6 1-0

[Event "BL 1213 SC Eppingen - SK Norderstedt"]
[Site "?"]
[Date "2013.03.17"]
[Round "12.5"]
[White "Polischuk, Viktor"]
[Black "Medvegy, Zoltan"]
[Result "0-1"]
[WhiteElo "2312"]
[BlackElo "2561"]
[PlyCount "64"]
[EventDate "2013.??.??"]

1. e4 c6 2. d4 d5 3. Nc3 dxe4 4. Nxe4 Bf5 5. Ng3 Bg6 6. Nf3 Nd7 7. h4 h6 8. h5
Bh7 9. Bd3 Bxd3 10. Qxd3 e6 11. Bd2 Ngf6 12. O-O-O Be7 13. Kb1 Qb6 14. c4 O-O
15. Ne4 Rfd8 16. Nxf6+ Nxf6 17. Be3 c5 18. Qc2 Rac8 19. Rhg1 Qc7 20. Rc1 Nxh5
21. g4 Nf4 22. g5 hxg5 23. dxc5 f6 24. Nd4 Qe5 25. Nf3 Qf5 26. Qxf5 exf5 27.
Bxf4 gxf4 28. b4 a5 29. Nh4 axb4 30. Nxf5 Bf8 31. Rg4 g5 32. Rcg1 Kf7 0-1

[Event "BL 1213 SC Eppingen - SK Norderstedt"]
[Site "?"]
[Date "2013.03.17"]
[Round "12.6"]
[White "Braun, Arik"]
[Black "Michna, Christian"]
[Result "1-0"]
[WhiteElo "2556"]
[BlackElo "2279"]
[PlyCount "69"]
[EventDate "2013.??.??"]

1. d4 Nf6 2. c4 g6 3. Nc3 Bg7 4. e4 d6 5. Nf3 O-O 6. h3 Na6 7. Be2 e5 8. d5 Nc5
9. Qc2 a5 10. g4 Kh8 11. Bg5 Qe8 12. O-O-O Ng8 13. Be3 b6 14. Rdg1 f5 15. exf5
gxf5 16. Ng5 a4 17. Bxc5 bxc5 18. gxf5 a3 19. Bg4 axb2+ 20. Kb1 e4 21. f6 Nxf6
22. Bxc8 Qxc8 23. Ne6 Bh6 24. Nb5 Rf7 25. Rg3 Nd7 26. Nexc7 Bf4 27. Rhg1 Be5
28. Rg5 Qf8 29. Nxa8 Qxa8 30. Qxe4 Nf6 31. Qe3 Qa4 32. Rxe5 dxe5 33. Qxe5 Qa8
34. Nd6 Rf8 35. Qe7 1-0

[Event "BL 1213 SC Eppingen - SK Norderstedt"]
[Site "?"]
[Date "2013.03.17"]
[Round "12.7"]
[White "Kahlert, Thomas"]
[Black "Guliyev, Namig"]
[Result "0-1"]
[WhiteElo "2230"]
[BlackElo "2546"]
[PlyCount "88"]
[EventDate "2013.??.??"]

1. c4 e5 2. Nc3 Nf6 3. Nf3 Nc6 4. g3 Bb4 5. Bg2 O-O 6. O-O Re8 7. Nd5 e4 8. Ne1
h6 9. d3 exd3 10. Nxd3 Bf8 11. b3 d6 12. Nxf6+ Qxf6 13. Bb2 Qd8 14. Qd2 Bf5 15.
Rad1 Qc8 16. Nf4 Ne5 17. Bc3 Nd7 18. Rfe1 Nc5 19. f3 Ne6 20. Nd5 c6 21. e4 Bh7
22. Ne3 Qc7 23. Qb2 a5 24. a4 Qb6 25. Bf1 Nc5 26. Rb1 Nxe4 27. fxe4 Rxe4 28.
Bd2 Re6 29. Kh1 Be4+ 30. Bg2 Bxb1 31. Qxb1 Qd4 32. Qc1 Rae8 33. Nc2 Qd3 34.
Rxe6 Rxe6 35. Bxa5 Qxb3 36. Nd4 Qe3 37. Qxe3 Rxe3 38. Kg1 Ra3 39. Bc7 Rxa4 40.
Nf5 Rxc4 41. Nxd6 Rc1+ 42. Kf2 Rc2+ 43. Kg1 b5 44. Be4 Rd2 0-1

[Event "BL 1213 SC Eppingen - SK Norderstedt"]
[Site "?"]
[Date "2013.03.17"]
[Round "12.8"]
[White "Dekan, Hans"]
[Black "Kues, Hendrik"]
[Result "0-1"]
[WhiteElo "2169"]
[BlackElo "2134"]
[PlyCount "128"]
[EventDate "2013.??.??"]

1. e4 c5 2. Nf3 g6 3. Bc4 Bg7 4. O-O Nc6 5. c3 e6 6. d4 cxd4 7. Nxd4 Nxd4 8.
cxd4 Qb6 9. e5 Ne7 10. Qd3 O-O 11. Nc3 Nc6 12. Be3 d5 13. exd6 Nb4 14. Qd2 Qxd6
15. Nb5 Qe7 16. Bg5 f6 17. Bf4 Nd5 18. Bd6 Qd8 19. Bxf8 Bxf8 20. Rfe1 Bd7 21.
Bxd5 exd5 22. Nc3 Bc6 23. Re2 Qd7 24. Rae1 Kf7 25. Re6 Qxe6 26. Rxe6 Kxe6 27.
h4 Kf7 28. g4 Re8 29. Kg2 Kg7 30. Qf4 Bb4 31. Qc7+ Re7 32. Qd8 Rd7 33. Qb8 a6
34. g5 fxg5 35. Qe5+ Kf7 36. hxg5 Re7 37. Qh8 Ke6 38. a3 Bxc3 39. bxc3 Kd7 40.
Kg3 Bb5 41. Qf6 Bc6 42. f4 Re6 43. Qh8 Re7 44. f5 gxf5 45. Kf4 Bb5 46. Qb8 Bc6
47. Kxf5 Re8 48. Qh2 Rf8+ 49. Ke5 Rf7 50. Qh3+ Kc7 51. Qh6 Re7+ 52. Kf6 Rd7 53.
Qh2+ Kb6 54. Ke6 Ka7 55. Qe5 Ka8 56. Qh8+ Ka7 57. Qf8 a5 58. Qc8 Ka6 59. Qxd7
Bxd7+ 60. Kxd7 Kb5 61. Ke6 Kc4 62. Kf6 Kxc3 63. Kg7 b5 64. Kxh7 b4 0-1

[Event "BL 1213 SV Hockenheim - Hamburger SK"]
[Site "?"]
[Date "2013.03.17"]
[Round "12.2"]
[White "Lenic, Luka"]
[Black "Hansen, Sune Berg"]
[Result "1-0"]
[WhiteElo "2633"]
[BlackElo "2566"]
[PlyCount "83"]
[EventDate "2013.??.??"]

1. d4 Nf6 2. c4 e6 3. Nf3 c5 4. g3 cxd4 5. Nxd4 d5 6. Bg2 e5 7. Nb3 Bb4+ 8. Bd2
dxc4 9. Bxb4 Qxd1+ 10. Kxd1 cxb3 11. axb3 Nc6 12. Bxc6+ bxc6 13. Nd2 Be6 14.
Kc1 Nd7 15. Ra5 f6 16. Kc2 Kf7 17. Bd6 Bg4 18. f3 Ke6 19. Nc4 Bf5+ 20. e4 Bg6
21. Rd1 Rhc8 22. Kc3 Bh5 23. Rd3 Be8 24. f4 exf4 25. gxf4 Nb6 26. Bc5 Nxc4 27.
bxc4 a6 28. Rd6+ Kf7 29. e5 Rd8 30. Rxa6 fxe5 31. Rxa8 Rxa8 32. fxe5 Ra1 33.
e6+ Kf6 34. Rd8 Bg6 35. e7 Re1 36. b4 Bf7 37. Kd2 Re4 38. Rf8 Kg6 39. Kd3 Re1
40. b5 cxb5 41. cxb5 Re5 42. Rc8 1-0

[Event "BL 1213 SV Hockenheim - Hamburger SK"]
[Site "?"]
[Date "2013.03.17"]
[Round "12.3"]
[White "Svane, Rasmus"]
[Black "Baramidze, David"]
[Result "0-1"]
[WhiteElo "2394"]
[BlackElo "2615"]
[PlyCount "106"]
[EventDate "2013.??.??"]

1. d4 Nf6 2. c4 g6 3. Nc3 d5 4. Nf3 Bg7 5. Bf4 O-O 6. Rc1 c6 7. e3 Be6 8. Qb3
Qb6 9. Qxb6 axb6 10. Ng5 Bf5 11. cxd5 Nxd5 12. Nxd5 cxd5 13. a3 Nc6 14. Bb5
Rfc8 15. Ke2 Na5 16. Bc7 Nb3 17. Rc3 Bxd4 18. Rxb3 Bf6 19. Bxb6 Rc2+ 20. Kf3
Bxg5 21. Bd3 Bxd3 22. Rxd3 Rxb2 23. Bd4 Rb5 24. Rc1 f5 25. Rc7 Kf7 26. Rdc3 Bf6
27. Bxf6 Kxf6 28. Rd7 h5 29. h4 e6 30. g3 Rb2 31. Kg2 Ra6 32. Rdc7 Rab6 33. Rc2
R2b3 34. R2c3 Rb2 35. Rc2 Rxc2 36. Rxc2 Ke7 37. Rc7+ Kf6 38. a4 Rb4 39. a5 Ke5
40. Rg7 Rb5 41. Rd7 Ke4 42. Rd6 e5 43. a6 bxa6 44. Rxa6 d4 45. exd4 exd4 46.
Rxg6 d3 47. Re6+ Re5 48. Rd6 Rd5 49. Re6+ Kd4 50. Kf1 Re5 51. Rd6+ Kc3 52. f4
Re4 53. Rc6+ Rc4 0-1